[Event "NOR-ch Class2"]
[Site "Sarpsborg"]
[Date "2018.07.12"]
[Round "7"]
[White "Norvoll, Pal"]
[Black "Irandoust, Babak"]
[Result "0-1"]
[WhiteElo "1658"]
[BlackElo "1739"]
[PlyCount "21"]
[EventDate "2018.07.07"]
[EventType "swiss"]
[EventRounds "9"]
[EventCountry "NOR"]
[SourceTitle "EXT 2024"]
[Source "ChessBase"]
[SourceDate "2023.10.10"]
[SourceVersion "1"]
[SourceVersionDate "2023.10.10"]
[SourceQuality "1"]

1. e4 e5 2. Nf3 Nc6 3. d4 exd4 4. Bc4 Bc5 5. 0-0 d6 6. c3 dxc3 7. Nxc3 Be6 8. Bxe6 fxe6 9. Qb3 Qc8 10. Na4 Nd4 11. Qc3 0-1

[Event "NOR-ch Class2"]
[Site "Sarpsborg"]
[Date "2018.07.10"]
[Round "5"]
[White "Norvoll, Pal"]
[Black "Knutsen, Tom Greger"]
[Result "0-1"]
[WhiteElo "1658"]
[BlackElo "1606"]
[PlyCount "68"]
[EventDate "2018.07.07"]
[EventType "swiss"]
[EventRounds "9"]
[EventCountry "NOR"]
[SourceTitle "EXT 2024"]
[Source "ChessBase"]
[SourceDate "2023.10.10"]
[SourceVersion "1"]
[SourceVersionDate "2023.10.10"]
[SourceQuality "1"]

1. e4 c5 2. Nf3 d6 3. d4 cxd4 4. Nxd4 Nc6 5. Nc3 a6 6. Bg5 h6 7. Bh4 g5 8. Bg3 Bg7 9. Nde2 Bg4 10. f3 Bh5 11. h4 Nf6 12. Qd2 Ne5 13. hxg5 hxg5 14. 0-0-0 Nc4 15. Qd3 Rc8 16. Bf2 Nd7 17. f4 gxf4 18. Qd5 Nde5 19. Qxb7 Rb8 20. Qxa6 Rxb2 21. Rxh5 Rxh5 22. Nxf4 Qb8 23. Bxc4 Nxc4 24. Qxc4 Rc5 25. Bxc5 dxc5 26. Qxc5 Bxc3 27. Qxc3 Rb1+ 28. Kd2 Qxf4+ 29. Ke2 Qxe4+ 30. Kf2 Rxd1 31. Qh8+ Kd7 32. Qh3+ e6 33. Qb3 Rd2+ 34. Kg1 Qxg2# 0-1